Economic survey of latin Ammerica and the Carribean 2006-2007 (Record no. 691722)
[ view plain ]
| 000 -LEADER | |
|---|---|
| fixed length control field | 00940nam a2200265Ia 4500 |
| 003 - CONTROL NUMBER IDENTIFIER | |
| control field | OSt |
| 005 - DATE AND TIME OF LATEST TRANSACTION | |
| control field | 20220927105316.0 |
| 008 - FIXED-LENGTH DATA ELEMENTS--GENERAL INFORMATION | |
| fixed length control field | 220926b |||||||| |||| 00| 0 eng d |
| 020 ## - INTERNATIONAL STANDARD BOOK NUMBER | |
| International Standard Book Number | 9789211216400 |
| 037 ## - SOURCE OF ACQUISITION | |
| Terms of availability | Reference Collections |
| 040 ## - CATALOGING SOURCE | |
| Original cataloging agency | RTL |
| Transcribing agency | RTL |
| Language of cataloging | eng |
| 041 ## - LANGUAGE CODE | |
| Source of code | eng |
| Language code of text/sound track or separate title | eng |
| 110 ## - MAIN ENTRY--CORPORATE NAME | |
| Corporate name or jurisdiction name as entry element | "UNITED NATIONS ,ECONOMIC AND SOCIAL COMMISSION FOR LATIN AMERICA AND THE CARIBBEAN" |
| 9 (RLIN) | 371578 |
| 245 #0 - TITLE STATEMENT | |
| Title | Economic survey of latin Ammerica and the Carribean 2006-2007 |
| 260 ## - PUBLICATION, DISTRIBUTION, ETC. | |
| Place of publication, distribution, etc. | New |
| Name of publisher, distributor, etc. | York United Nations |
| Date of publication, distribution, etc. | 2007 |
| 300 ## - PHYSICAL DESCRIPTION | |
| Extent | 146p |
| Dimensions | cm. |
| 500 ## - GENERAL NOTE | |
| General note | Bibliography P 101-05; Appendix 107-46p |
| 700 ## - ADDED ENTRY--PERSONAL NAME | |
| Personal name | "UNITED NATIONS ,ECONOMIC AND SOCIAL COMMISSION FOR LATIN AMERICA AND THE CARIBBEAN" |
| 9 (RLIN) | 371579 |
| 942 ## - ADDED ENTRY ELEMENTS (KOHA) | |
| Classification part | "X:54.791.Pt4, P7/UN" |
| Koha item type | |
| Withdrawn status | Lost status | Damaged status | Not for loan | Home library | Current library | Date acquired | Total Checkouts | Full call number | Barcode | Date last seen | Price effective from | Koha item type |
|---|---|---|---|---|---|---|---|---|---|---|---|---|
| Ratan Tata Library | Ratan Tata Library | 2022-09-27 | "X:54.791.Pt4 P7/UN" | RT1329609 | 2022-09-27 | 2022-09-27 |
